[Event "Rouen op 9th"]
[Site "Rouen"]
[Date "2016.12.19"]
[Round "5"]
[White "Thery, Arthus"]
[Black "Heckly, Jean Louis"]
[Result "1/2-1/2"]
[WhiteElo "1254"]
[BlackElo "1606"]
[PlyCount "116"]
[EventDate "2016.12.17"]
[EventType "swiss"]
[EventRounds "7"]
[EventCountry "FRA"]
[SourceTitle "CBM 176 Extra"]
[Source "ChessBase"]
[SourceDate "2017.03.02"]
[SourceVersion "1"]
[SourceVersionDate "2017.03.02"]
[SourceQuality "1"]

1. e4 e5 2. Nf3 Nc6 3. Bc4 Bc5 4. c3 Nf6 5. d3 d6 6. h3 0-0 7. Bb3 h6 8. Nbd2 Be6 9. Nf1 Bb6 10. Ng3 Bxb3 11. axb3 d5 12. Qe2 dxe4 13. dxe4 Re8 14. b4 Qd6 15. 0-0 Rad8 16. Be3 Bxe3 17. Qxe3 a6 18. Nf5 Qf8 19. N3h4 Kh8 20. Rad1 Nh5 21. Kh2 g6 22. Ng3 Nf4 23. Ne2 Qe7 24. Nxf4 Qxh4 25. Nd5 Kg7 26. Nxc7 Rf8 27. Qf3 Ne7 28. g3 Qf6 29. Qxf6+ Kxf6 30. Kg2 Nc8 31. Nd5+ Kg7 32. Rd3 Nd6 33. f3 Rfe8 34. Rfd1 Nc4 35. Rb1 Re6 36. b3 Nb6 37. Rbd1 Red6 38. c4 Nc8 39. Kf2 Ne7 40. Ke2 Nc6 41. f4 f6 42. c5 R6d7 43. fxe5 Nxe5 44. R3d2 Rf7 45. Ne3 Rxd2+ 46. Rxd2 Nc6 47. Nc2 Re7 48. Kf3 Ne5+ 49. Kf4 Nc6 50. Rd6 Kf7 51. h4 g5+ 52. hxg5 hxg5+ 53. Kf5 Re5+ 54. Kg4 Rxe4+ 55. Kf5 Re5+ 56. Kg4 Ke7 57. Kf3 Re6 58. Rd5 Re5 1/2-1/2

[Event "Rouen op 9th"]
[Site "Rouen"]
[Date "2016.12.18"]
[Round "2"]
[White "Heckly, Jean Louis"]
[Black "Blondel, Jean Michel"]
[Result "1-0"]
[WhiteElo "1606"]
[BlackElo "1369"]
[PlyCount "135"]
[EventDate "2016.12.17"]
[EventType "swiss"]
[EventRounds "7"]
[EventCountry "FRA"]
[SourceTitle "CBM 176 Extra"]
[Source "ChessBase"]
[SourceDate "2017.03.02"]
[SourceVersion "1"]
[SourceVersionDate "2017.03.02"]
[SourceQuality "1"]

1. e4 e5 2. Nf3 d6 3. d4 exd4 4. Nxd4 Nf6 5. Nc3 a6 6. Be2 Bd7 7. Be3 Nc6 8. Qd2 Be7 9. 0-0 0-0 10. Rad1 Re8 11. f4 h6 12. h3 Bf8 13. Bf3 Qe7 14. Rde1 Qd8 15. Bf2 Nxd4 16. Bxd4 Bc6 17. Qf2 Qc8 18. Bxf6 gxf6 19. Qg3+ Bg7 20. Bg4 Qd8 21. Bf5 Kh8 22. Rd1 Rg8 23. Qf2 Qe7 24. Rfe1 Rgd8 25. Nd5 Bxd5 26. exd5 Qf8 27. Rd3 Re8 28. Rde3 Rxe3 29. Rxe3 Re8 30. Qe2 Rxe3 31. Qxe3 b6 32. Bd3 a5 33. Qe4 Qg8 34. Qe7 Qc8 35. Qxf7 Qd8 36. g4 Qc8 37. Bf5 Qd8 38. c4 Qb8 39. Kg2 Qd8 40. Kf3 a4 41. Bd7 a3 42. bxa3 Qa8 43. a4 Qf8 44. Qe6 Qd8 45. Ke4 Bf8 46. Kf5 Bg7 47. Kg6 Qf8 48. Qe8 Qxe8+ 49. Bxe8 Kg8 50. h4 Kf8 51. Bc6 Kg8 52. g5 fxg5 53. hxg5 hxg5 54. fxg5 Kf8 55. Bd7 Bd4 56. Kf5 Be5 57. Ke6 Bd4 58. g6 Kg7 59. Be8 Kf8 60. Kd7 b5 61. cxb5 Bb6 62. Bf7 Kg7 63. Kc6 Ba5 64. Kb7 Bb6 65. Ka6 Bc5 66. a5 Bb4 67. a4 Bc3 68. b6 1-0

[Event "Vaujany op 5th"]
[Site "Vaujany"]
[Date "2014.07.12"]
[Round "3.6"]
[White "Heckly, Jean Louis"]
[Black "Jean, Robert"]
[Result "0-1"]
[WhiteElo "1607"]
[BlackElo "1711"]
[PlyCount "70"]
[EventDate "2014.07.10"]
[EventType "swiss"]
[EventRounds "9"]
[EventCountry "FRA"]
[SourceTitle "EXT 2017"]
[Source "ChessBase"]
[SourceDate "2016.10.25"]
[SourceVersion "1"]
[SourceVersionDate "2016.10.25"]
[SourceQuality "1"]

1. e4 c5 2. Nf3 d6 3. d4 cxd4 4. Nxd4 Nf6 5. Nc3 a6 6. Be2 e6 7. Be3 b5 8. a3 Bb7 9. Bd3 Qc7 10. 0-0 Be7 11. Qe2 0-0 12. Rad1 Nbd7 13. f4 Rac8 14. Nb3 Nb6 15. Qf3 d5 16. exd5 Nbxd5 17. Nxd5 Nxd5 18. Qh3 h6 19. Bc1 Bd6 20. f5 exf5 21. Bxf5 Bf4 22. Bxc8 Bxc8 23. Bxf4 Nxf4 24. Qf3 g5 25. Qe3 Bb7 26. Rd2 Qc8 27. Rxf4 gxf4 28. Qxf4 Qe6 29. h3 Rc8 30. Nd4 Qb6 31. Kh2 Rd8 32. Nf5 Rxd2 33. Nxh6+ Qxh6 34. Qb8+ Kg7 35. Qe5+ Kh7 0-1

[Event "Wasselonne op"]
[Site "Wasselonne"]
[Date "2009.08.08"]
[Round "4"]
[White "Heckly, Jean Louis"]
[Black "Carrillo, Jesus"]
[Result "0-1"]
[WhiteElo "1780"]
[BlackElo "2135"]
[PlyCount "68"]
[EventDate "2009.08.06"]
[EventType "swiss"]
[EventRounds "7"]
[EventCountry "FRA"]
[SourceTitle "EXT 2011"]
[Source "ChessBase"]
[SourceDate "2010.11.26"]
[SourceVersion "1"]
[SourceVersionDate "2010.11.26"]
[SourceQuality "1"]

1. e4 c5 2. Nf3 d6 3. d4 cxd4 4. Nxd4 Nf6 5. Nc3 a6 6. f3 e5 7. Nb3 Be6 8. Be3 Nbd7 9. Be2 b5 10. 0-0 b4 11. Nd5 Bxd5 12. exd5 Nb6 13. Bxb6 Qxb6+ 14. Kh1 Be7 15. c4 0-0 16. Rc1 Nh5 17. Re1 f5 18. Bf1 Rf6 19. Qd2 Ng3+ 20. hxg3 Rh6+ 21. Qxh6 gxh6 22. Bd3 Rf8 23. Rc2 a5 24. c5 dxc5 25. Rxe5 Bd6 26. Re6 Qc7 27. Rxh6 a4 28. Nxc5 Bxc5 29. Rc6 Qxg3 30. R6xc5 Qh4+ 31. Kg1 Qd4+ 32. Kh2 Qxd3 33. R2c4 Qd2 34. Rb5 Qh6+ 0-1

[Event "Selestat op-B 13th"]
[Site "Selestat"]
[Date "2006.02.??"]
[Round "1"]
[White "Golema, Marc"]
[Black "Heckly, Jean Louis"]
[Result "0-1"]
[WhiteElo "1350"]
[BlackElo "1710"]
[PlyCount "70"]
[EventDate "2006.02.23"]
[EventType "swiss"]
[EventRounds "7"]
[EventCountry "FRA"]
[SourceTitle "CBM 111 Extra"]
[Source "ChessBase"]
[SourceDate "2006.05.09"]
[SourceVersion "1"]
[SourceVersionDate "2006.05.09"]
[SourceQuality "1"]

1. e4 e5 2. Nf3 Nc6 3. c3 Nf6 4. Qc2 Bc5 5. Bc4 0-0 6. d3 d6 7. Be3 Bb6 8. h3 Na5 9. Bb3 Nxb3 10. axb3 Be6 11. 0-0 h6 12. Nbd2 Qd7 13. Nc4 Bxe3 14. fxe3 c5 15. Rad1 b5 16. Ncd2 Qc7 17. c4 Rab8 18. d4 cxd4 19. exd4 Rfc8 20. d5 Bd7 21. Rc1 Qb6+ 22. Kh1 Nh5 23. Qd1 Ng3+ 24. Kh2 Nxf1+ 25. Qxf1 Qe3 26. Re1 Qf4+ 27. g3 Qf6 28. Qd3 bxc4 29. bxc4 Rxb2 30. Qa3 Rxd2+ 31. Nxd2 Qf2+ 32. Kh1 Qxe1+ 33. Kg2 Qxd2+ 34. Kf3 Rxc4 35. Qxd6 Rc3# 0-1

[Event "Val Thorens B"]
[Site "Val Thorens"]
[Date "1996.??.??"]
[Round "5"]
[White "Heckly, Jean Louis"]
[Black "Cazenave, Andre"]
[Result "0-1"]
[WhiteElo "1640"]
[BlackElo "1710"]
[PlyCount "70"]
[EventDate "1996.??.??"]
[EventType "swiss"]
[EventRounds "9"]
[EventCountry "FRA"]
[SourceTitle "EXT 2004"]
[Source "ChessBase"]
[SourceDate "2003.11.25"]
[SourceVersion "1"]
[SourceVersionDate "2003.11.25"]
[SourceQuality "1"]

1. e4 g6 2. d4 Bg7 3. Nc3 d6 4. Be3 Nf6 5. Bc4 c6 6. Qd2 b5 7. Bb3 b4 8. Na4 Nxe4 9. Qxb4 0-0 10. f3 Nf6 11. Ne2 Na6 12. Qd2 Rb8 13. 0-0 Nb4 14. Nac3 d5 15. Ng3 Nd7 16. Bh6 Re8 17. Bxg7 Kxg7 18. f4 e6 19. Nce2 Na6 20. c3 Qb6 21. Kh1 c5 22. Rab1 Qa5 23. dxc5 Naxc5 24. Qd4+ Kg8 25. Bxd5 exd5 26. f5 Ne4 27. fxg6 hxg6 28. Qe3 Nxg3+ 29. Qxg3 Rxe2 30. Qf3 Re7 31. Rbe1 Qd8 32. Qxd5 Bb7 33. Qc4 Nb6 34. Qf4 Rc8 35. Rd1 Qe8 0-1

[Event "Val Thorens B"]
[Site "Val Thorens"]
[Date "1996.??.??"]
[Round "3"]
[White "Heckly, Jean Louis"]
[Black "Gerest, Yves"]
[Result "0-1"]
[WhiteElo "1640"]
[BlackElo "1680"]
[PlyCount "116"]
[EventDate "1996.??.??"]
[EventType "swiss"]
[EventRounds "9"]
[EventCountry "FRA"]
[SourceTitle "EXT 2004"]
[Source "ChessBase"]
[SourceDate "2003.11.25"]
[SourceVersion "1"]
[SourceVersionDate "2003.11.25"]
[SourceQuality "1"]

1. e4 c5 2. Nf3 d6 3. d4 cxd4 4. Nxd4 Nf6 5. Nc3 a6 6. Be3 e6 7. f3 Be7 8. Qd2 Nbd7 9. g4 0-0 10. g5 Nh5 11. 0-0-0 g6 12. Nce2 e5 13. Nb3 b5 14. Ng3 Nf4 15. h4 Qc7 16. Bxf4 exf4 17. Qxf4 Ne5 18. Qe3 f5 19. f4 Nc4 20. Qd4 fxe4 21. Qd5+ Kg7 22. Bxc4 bxc4 23. Nd2 Bb7 24. Qd4+ Kg8 25. Ndxe4 d5 26. Nf6+ Bxf6 27. gxf6 Qd6 28. h5 Qxf6 29. hxg6 hxg6 30. Ne2 Rae8 31. Rhe1 Re4 32. Qg1 Rfe8 33. Nc3 Qxf4+ 34. Kb1 Rxe1 35. Rxe1 Rxe1+ 36. Qxe1 Kf7 37. a3 g5 38. Ne2 Qf6 39. Ng3 Qf4 40. Ne2 Qe5 41. Qf2+ Kg6 42. Ng3 d4 43. Nf1 Qf4 44. Qe2 Bd5 45. Nd2 Qe3 46. Qd1 Qf4 47. Qe1 Kf5 48. Qe2 Qe3 49. Qf1+ Qf4 50. Qe2 d3 51. cxd3 cxd3 52. Qd1 g4 53. b4 Bf3 54. Nxf3 gxf3 55. Qh1 Qe4 56. Qh7+ Kf4 57. Qc7+ Ke3 58. Qb6+ Ke2 0-1